000 00606nam a2200205 i 4500
001 104163
003 ES-MaACL
005 20251005063104.0
007 t|
008 051124s1910 sp ||||1| spa d
080 _a651
100 1 _aMhartín y Guix, Enrique,
_d1859-1932
_980841
245 1 0 _aVademecum del oficinista /
_cpor Enrique Mhartín y Guix.
250 _a5ª ed. aum. y reform.
260 _aMadrid :
_bBailly-Baillière,
_c1910.
300 _a400 p. :
_bil. ;
_c19 cm.
650 7 _aTrabajo de oficina
_2embne
_9162335
852 _aES-MaACL
_jB-3707
999 _c104163
_d104163